| 000 | 00199nam a22000737a 4500 | ||
|---|---|---|---|
| 999 |
_c23629 _d23629 |
||
| 003 | Nust | ||
| 005 | 20170526161516.0 | ||
| 008 | 131220b xxu||||| |||| 00| 0 eng d | ||
| 040 |
_aDLC _bDLC _cRCMS |
||
| 082 | _a070 KHA | ||
| 100 |
_aA.R.Khalid _9151 |
||
| 245 |
_aFun-e-khabr newese (Urdu) _cKhalid,A.R. |
||
| 260 |
_aLahore _bMaktaba Karwan |
||
| 300 |
_a144,p: _bill: _c22,cm. |
||
| 538 | _iShelf # 13, Row # 3, Fiction. | ||
| 650 |
_aJournalism _9144 |
||
| 856 | _3Table of Content Only | ||
| 942 |
_2ddc _cFIC |
||